[Event "Online Olym Div Top-C"]
[Site "Chess.com INT"]
[Date "2020.08.22"]
[Round "5.3"]
[White "Kosteniuk, Alexandra"]
[Black "Alaoui Belghiti, Chaimaa"]
[Result "1-0"]
[WhiteElo "2482"]
[BlackElo "1703"]
[PlyCount "51"]
[EventDate "2020.08.21"]
[EventType "team-tourn (rapid)"]
[EventRounds "9"]
[EventCountry "USA"]
[SourceTitle "CBM 198"]
[Source "ChessBase"]
[SourceDate "2020.10.31"]
[SourceVersion "1"]
[SourceVersionDate "2020.10.31"]
[SourceQuality "1"]
[WhiteTeam "Russia"]
[BlackTeam "Morocco"]
[WhiteTeamCountry "RUS"]
[BlackTeamCountry "MAR"]

1. e4 c6 2. c4 d5 3. cxd5 cxd5 4. exd5 Qxd5 5. Nc3 Qd8 6. d4 e6 7. Nf3 a6 8. Bd3 Nf6 9. 0-0 Be7 10. Re1 0-0 11. Ne5 b6 12. Qf3 Ra7 13. Be3 Bb7 14. Qh3 g6 15. Bh6 Re8 16. Nxf7 Qd7 17. Ne5 Qc8 18. Rac1 Nc6 19. Ne4 Ba8 20. Ng5 Bf8 21. Bxf8 Kxf8 22. Nxc6 Bxc6 23. Rxe6 Rc7 24. Rxf6+ Kg8 25. Rfxc6 Qxh3 26. gxh3 1-0

[Event "Online Olym Div Top-C"]
[Site "Chess.com INT"]
[Date "2020.08.21"]
[Round "2.3"]
[White "Abdi, Zineb Dina"]
[Black "Alaoui Belghiti, Chaimaa"]
[Result "1/2-1/2"]
[WhiteElo "1926"]
[BlackElo "1703"]
[PlyCount "86"]
[EventDate "2020.08.21"]
[EventType "team-tourn (rapid)"]
[EventRounds "9"]
[EventCountry "USA"]
[SourceTitle "CBM 198"]
[Source "ChessBase"]
[SourceDate "2020.10.31"]
[SourceVersion "1"]
[SourceVersionDate "2020.10.31"]
[SourceQuality "1"]
[WhiteTeam "Algeria"]
[BlackTeam "Morocco"]
[WhiteTeamCountry "ALG"]
[BlackTeamCountry "MAR"]

1. e4 c6 2. d4 d5 3. Nc3 dxe4 4. Nxe4 Bf5 5. Ng3 Bg6 6. Nf3 Nd7 7. h4 h6 8. h5 Bh7 9. Bd3 Bxd3 10. Qxd3 Qc7 11. Bd2 e6 12. 0-0-0 0-0-0 13. Kb1 Ngf6 14. Ne4 Nc5 15. Nxc5 Bxc5 16. c3 Bb6 17. g3 Rd5 18. Bf4 Qe7 19. Ne5 Bc7 20. Qe2 Ra5 21. Rhe1 Rd8 22. g4 Nd5 23. Bd2 Ra6 24. c4 Nb6 25. Bc3 Na4 26. Rd3 Rb6 27. Rc1 Qa3 28. Ka1 Nxb2 29. Bxb2 Rxb2 30. Rxa3 Rxe2 31. Nxf7 Rxd4 32. Rxa7 Kb8 33. Ra3 Rdd2 34. f3 Be5+ 35. Nxe5 Rxe5 36. Kb1 Ree2 37. Rf1 Rb2+ 38. Ka1 Rbc2 39. Ra4 Rcd2 40. Kb1 Rb2+ 41. Ka1 Rbd2 42. Kb1 Rb2+ 43. Ka1 Rbd2 1/2-1/2

[Event "Tiznit rapid op"]
[Site "Tiznit"]
[Date "2019.07.27"]
[Round "2"]
[White "Alaoui Belghiti, Chaimaa"]
[Black "Mounib, Abdelmjid"]
[Result "0-1"]
[WhiteElo "1703"]
[BlackElo "2125"]
[PlyCount "80"]
[EventDate "2019.07.27"]
[EventType "swiss (rapid)"]
[EventRounds "9"]
[EventCountry "MAR"]
[SourceTitle "CBM 191 Extra"]
[Source "ChessBase"]
[SourceDate "2019.09.30"]
[SourceVersion "1"]
[SourceVersionDate "2019.09.30"]
[SourceQuality "1"]

1. c4 Nf6 2. Nc3 g6 3. g3 Bg7 4. Bg2 d6 5. Nf3 0-0 6. 0-0 e5 7. d3 Nc6 8. a3 a6 9. Rb1 Rb8 10. b4 b5 11. Nd2 Nd4 12. Nce4 Bb7 13. c5 Nxe4 14. Nxe4 f5 15. Ng5 Bxg2 16. Kxg2 dxc5 17. bxc5 h6 18. e3 hxg5 19. exd4 Qxd4 20. Bxg5 Qxc5 21. Rb4 Qd5+ 22. Kg1 c5 23. Rh4 Rb7 24. Re1 Rd7 25. Bh6 e4 26. Qd2 Qxd3 27. Qg5 Qd6 28. Bxg7 Rxg7 29. Qh6 c4 30. Re3 a5 31. Rc3 Qd4 32. Rc1 c3 33. Qg5 Qd2 34. Qe3 Qxe3 35. fxe3 b4 36. Rf4 Rc8 37. Rf2 b3 38. Kg2 Rc4 39. Rff1 c2 40. Rfe1 b2 0-1

[Event "Olympiad Women-43"]
[Site "Batumi"]
[Date "2018.10.05"]
[Round "11.4"]
[White "Garcia, Andrea Nicole"]
[Black "Alaoui Belghiti, Chaimaa"]
[Result "0-1"]
[WhiteElo "1698"]
[BlackElo "1689"]
[PlyCount "83"]
[EventDate "2018.09.24"]
[EventType "team-swiss"]
[EventRounds "11"]
[EventCountry "GEO"]
[SourceTitle "EXT 2020"]
[Source "ChessBase"]
[SourceDate "2019.10.17"]
[SourceVersion "1"]
[SourceVersionDate "2019.10.17"]
[SourceQuality "1"]
[WhiteTeam "Honduras (W)"]
[BlackTeam "Morocco (W)"]
[WhiteTeamCountry "HON"]
[BlackTeamCountry "MAR"]

1. e4 c6 2. c4 d5 3. exd5 cxd5 4. cxd5 Qxd5 5. Nc3 Qd8 6. Nf3 Nf6 7. d4 e6 8. Bg5 Be7 9. Rc1 0-0 10. Bc4 Nc6 11. 0-0 h6 12. Bh4 a6 13. a4 Qb6 14. Qb3 Qd8 15. Qd1 Qb6 16. Qb3 Qd8 17. Qd1 Qb6 18. Rc2 Rd8 19. Rd2 Qc7 20. Bg3 Bd6 21. Bxd6 Rxd6 22. Ba2 Nb4 23. Qb3 Nbd5 24. Nxd5 Nxd5 25. Rc2 Qd8 26. Rfc1 Rb6 27. Qc4 Rc6 28. Qb3 Rb6 29. Qc4 Rc6 30. Qb3 Rb6 31. Qa3 Nf4 32. Kf1 Bd7 33. Rc7 Bc6 34. Qe7 Qxe7 35. Rxe7 Rxb2 36. d5 exd5 37. Ne5 Rxa2 38. Nxc6 bxc6 39. g3 Nd3 40. Rxc6 Rxf2+ 41. Kg1 Rb8 42. Re1 0-1

[Event "Olympiad Women-43"]
[Site "Batumi"]
[Date "2018.10.02"]
[Round "8.4"]
[White "Alaoui Belghiti, Chaimaa"]
[Black "Nomalungelo, Mathe"]
[Result "1/2-1/2"]
[WhiteElo "1689"]
[BlackElo "1577"]
[PlyCount "84"]
[EventDate "2018.09.24"]
[EventType "team-swiss"]
[EventRounds "11"]
[EventCountry "GEO"]
[SourceTitle "EXT 2020"]
[Source "ChessBase"]
[SourceDate "2019.10.17"]
[SourceVersion "1"]
[SourceVersionDate "2019.10.17"]
[SourceQuality "1"]
[WhiteTeam "Morocco (W)"]
[BlackTeam "Zimbabwe (W)"]
[WhiteTeamCountry "MAR"]
[BlackTeamCountry "ZIM"]

1. c4 Nf6 2. Nc3 g6 3. g3 Bg7 4. Bg2 d6 5. Nf3 0-0 6. 0-0 e5 7. d3 h6 8. Rb1 Nc6 9. Bd2 Qe7 10. a3 Nd8 11. b4 Bd7 12. Qc2 c6 13. Nh4 g5 14. Nf3 d5 15. Bc1 d4 16. Ne4 Nxe4 17. dxe4 f5 18. Ne1 f4 19. Nd3 h5 20. Nc5 Bc8 21. Bd2 Ne6 22. Nd3 Nd8 23. Qd1 h4 24. e3 Ne6 25. exf4 gxf4 26. Qh5 hxg3 27. hxg3 Qf6 28. gxf4 Nxf4 29. Nxf4 exf4 30. Rbe1 Qe5 31. Qxe5 Bxe5 32. f3 Be6 33. Rc1 Rf6 34. Kf2 Rg6 35. Rh1 Rg5 36. Bh3 Re8 37. Bxe6+ Rxe6 38. Rcg1 Rxg1 39. Rxg1+ Kf7 40. Rg4 Rf6 41. Rg5 Ke6 42. Rh5 Rf7 1/2-1/2

[Event "Olympiad Women-42"]
[Site "Baku"]
[Date "2016.09.12"]
[Round "10.3"]
[White "Bashaer, Khalil"]
[Black "Alaoui Belghiti, Chaimaa"]
[Result "1/2-1/2"]
[WhiteElo "1584"]
[BlackElo "1654"]
[PlyCount "151"]
[EventDate "2016.09.02"]
[EventType "team-swiss"]
[EventRounds "11"]
[EventCountry "AZE"]
[SourceTitle "CBM 174 Extra"]
[Source "ChessBase"]
[SourceDate "2016.10.10"]
[SourceVersion "1"]
[SourceVersionDate "2016.10.10"]
[SourceQuality "1"]
[WhiteTeam "United Arab Emirates (W)"]
[BlackTeam "Morocco (W)"]
[WhiteTeamCountry "UAE"]
[BlackTeamCountry "MAR"]

1. e4 c6 2. d4 d5 3. Nc3 dxe4 4. Nxe4 Bf5 5. Ng3 Bg6 6. h4 h6 7. Nf3 Nd7 8. h5 Bh7 9. Bd3 Bxd3 10. Qxd3 Qc7 11. Bd2 Ngf6 12. 0-0-0 e6 13. Ne4 Nxe4 14. Qxe4 Nf6 15. Qe2 0-0-0 16. g3 Kb8 17. c4 c5 18. Bc3 Ka8 19. Kb1 cxd4 20. Nxd4 Bc5 21. Nb3 Bb6 22. Rc1 Qc6 23. Rh4 Qd7 24. c5 Bc7 25. Bxf6 gxf6 26. c6 bxc6 27. Qf3 Qd3+ 28. Qxd3 Rxd3 29. Rxc6 Bb6 30. Rf4 Kb7 31. Rc2 f5 32. Rb4 Rd1+ 33. Rc1 Rxc1+ 34. Kxc1 Kc7 35. Rf4 Rg8 36. Nd2 Rg5 37. Rc4+ Kb7 38. Nf3 Rxh5 39. Rc2 f4 40. Nh4 fxg3 41. fxg3 Rc5 42. g4 Rd5 43. Rh2 Rg5 44. Rg2 h5 45. gxh5 Rxh5 46. Nf3 e5 47. Kc2 e4 48. Ng5 f5 49. Ne6 Rh3 50. Ng5 Rh1 51. Re2 Rf1 52. Nf7 Kc7 53. Ne5 Rf2 54. Rxf2 Bxf2 55. Kd2 e3+ 56. Ke2 Kd6 57. Nc4+ Kd5 58. Nxe3+ Bxe3 59. Kxe3 Ke5 60. Kf3 Kd4 61. Kf4 Kd3 62. Kxf5 Kc2 63. Ke4 Kxb2 64. Kd3 a5 65. a4 Kb3 66. Kd4 Kb4 67. Kd3 Kxa4 68. Kc4 Ka3 69. Kc3 Ka2 70. Kc2 a4 71. Kc3 Ka3 72. Kc2 Ka2 73. Kc3 a3 74. Kc2 Ka1 75. Kc1 Ka2 76. Kc2 1/2-1/2

[Event "Olympiad Women-42"]
[Site "Baku"]
[Date "2016.09.06"]
[Round "5.3"]
[White "Alaoui Belghiti, Chaimaa"]
[Black "Joao, Delfina"]
[Result "1-0"]
[WhiteElo "1654"]
[BlackElo "1659"]
[PlyCount "65"]
[EventDate "2016.09.02"]
[EventType "team-swiss"]
[EventRounds "11"]
[EventCountry "AZE"]
[SourceTitle "CBM 174 Extra"]
[Source "ChessBase"]
[SourceDate "2016.10.10"]
[SourceVersion "1"]
[SourceVersionDate "2016.10.10"]
[SourceQuality "1"]
[WhiteTeam "Morocco (W)"]
[BlackTeam "Angola (W)"]
[WhiteTeamCountry "MAR"]
[BlackTeamCountry "ANG"]

1. c4 e6 2. Nc3 d5 3. d4 c6 4. e3 Bb4 5. Nf3 Nf6 6. c5 Ne4 7. Bd2 Nxd2 8. Qxd2 Nd7 9. a3 Qa5 10. Rc1 Bxc3 11. Rxc3 Nf6 12. b4 Qc7 13. Bd3 b5 14. cxb6 axb6 15. 0-0 Bb7 16. Qc2 0-0 17. Ne5 Rfc8 18. Rc1 g6 19. h3 Nd7 20. Nxc6 Kg7 21. Ne7 Qxc3 22. Qxc3 Rxc3 23. Rxc3 Kf8 24. Rc7 Kxe7 25. Rxb7 Rb8 26. Ra7 Kf8 27. Rxd7 Ra8 28. Bb5 Rxa3 29. Bc6 Rc3 30. b5 Rc1+ 31. Kh2 Rc2 32. Kg3 h5 33. Rb7 1-0